Tìm hiểu hiện trạng ô nhiễm môi trường nước mặt của huyện Mỹ Đức – thành phố Hà Nội và một số giải pháp nhằm giảm thiểu ô nhiễm
Tìm hiểu thực trạng ô nhiễm nguồn nước mặt của một số sông, hồ, của huyện Mỹ Đức – TP Hà Nội. Đánh giá hiện trạng ô nhiễm. Đề xuất các biện pháp để kiểm soát tình hình ô nhiễm nguồn nước mặt trên địa bàn huyện Mỹ Đức – TP Hà Nội , góp phần xây dựng môi trường xanh - sạch – đẹp và phục vụ đời sống củ...
Uloženo v:
| Hlavní autor: | |
|---|---|
| Další autoři: | |
| Médium: | Kniha |
| Jazyk: | Vietnamese |
| Vydáno: |
Đà Nẵng
Đại học Sư phạm, Đại học Đà Nẵng
2013
|
| Témata: | |
| Tagy: |
Přidat tag
Žádné tagy, Buďte první, kdo otaguje tento záznam!
|
| Thư viện lưu trữ: | Mạng thư viện Đại học Đà Nẵng |
|---|
| LEADER | 02089nam a2200361 4500 | ||
|---|---|---|---|
| 001 | 000018888 | ||
| 003 | 15323 | ||
| 005 | 20140121080155.0 | ||
| 008 | 140115s2013 viesd | ||
| 041 | |a vie | ||
| 082 | 1 | 4 | |a 910.1628114 |b ĐI-P |
| 100 | 1 | |a Đinh Thị Phương | |
| 245 | 1 | 0 | |a Tìm hiểu hiện trạng ô nhiễm môi trường nước mặt của huyện Mỹ Đức – thành phố Hà Nội và một số giải pháp nhằm giảm thiểu ô nhiễm |c Đinh Thị Phương ; Đậu Thị Hòa hướng dẫn |k Khóa luận tốt nghiệp |
| 260 | |a Đà Nẵng |b Đại học Sư phạm, Đại học Đà Nẵng |c 2013 | ||
| 300 | |a 58 tr., phụ lục 5 tr. |b Hình mh. |c 29 cm. | ||
| 500 | |a Khóa luận tốt nghiệp đại học. Chuyên ngành: Cử nhân Địa lý - Môi trường | ||
| 520 | |a Tìm hiểu thực trạng ô nhiễm nguồn nước mặt của một số sông, hồ, của huyện Mỹ Đức – TP Hà Nội. Đánh giá hiện trạng ô nhiễm. Đề xuất các biện pháp để kiểm soát tình hình ô nhiễm nguồn nước mặt trên địa bàn huyện Mỹ Đức – TP Hà Nội , góp phần xây dựng môi trường xanh - sạch – đẹp và phục vụ đời sống của người dân trong huyện. | ||
| 650 | 0 | 4 | |a Ô nhiễm nguồn nước mặt |v Khóa luận tốt nghiệp |x Hiện trạng |z Hà Nội (Mỹ Đức) |
| 653 | |a Ô nhiễm môi trường | ||
| 653 | |a Khoa Địa lý | ||
| 653 | |a Ô nhiễm nguồn nước mặt | ||
| 653 | |a Hà Nội | ||
| 700 | 1 | |a Đậu Thị Hòa |c PGS.TS. |e Hướng dẫn | |
| OWN | |a LSP | ||
| AVA | |a UDN50 |b LSP |d 910.1628114 ĐI-P |e available |t Error 5001 Not defined in file expand_doc_bib_avail. |f 1 |g 0 |h N |i 0 |k 1 | ||
| 999 | |a From the UDN01 | ||
| AVA | |a UDN50 |b LSP |d 910.1628114 ĐI-P |e available |t Error 5001 Not defined in file expand_doc_bib_avail. |f 1 |g 0 |h N |i 0 |k 1 | ||
| TYP | |a Monograph | ||
| TYP | |a Printed language | ||
| 980 | |a Mạng thư viện Đại học Đà Nẵng | ||